Lataa...

Conflict resolution in multicultural societies : the Indian experience /

Bibliografiset tiedot
Päätekijä: Jhumpa, mukherjee
Aineistotyyppi: Printed Book
Julkaistu: Los Angeles : Sage, 2014.
Aiheet:
LEADER 00509nam a22001457a 4500
020 |a 9789351500339 
082 |a 303.6  |b JHU.C 
100 |a Jhumpa, mukherjee. 
245 |a Conflict resolution in multicultural societies :  |b the Indian experience /  |c by Jjumpa mukherjee. 
260 |a Los Angeles :  |b Sage,  |c 2014. 
300 |a 164 p. 
650 |a conflicts 
942 |c BK 
999 |c 300158  |d 300158 
952 |0 0  |1 0  |4 0  |6 303_600000000000000_MUK_C  |7 0  |8 NFIC  |9 320479  |a POL  |b POL  |c GEN  |d 2020-09-28  |o 303.6 MUK.C  |p POL20886  |w 2020-09-28  |y BK